Completion - not just a tick in the box (Record no. 83995)
[ view plain ]
| 000 -LEADER | |
|---|---|
| fixed length control field | 00640cab a22001935a 4500 |
| 001 - CONTROL NUMBER | |
| control field | L156402 |
| 008 - FIXED-LENGTH DATA ELEMENTS--GENERAL INFORMATION | |
| fixed length control field | 120517s2012 xxk 000 0 eng d |
| 035 ## - SYSTEM CONTROL NUMBER | |
| System control number | (Sirsi) u156402 |
| 041 0# - LANGUAGE CODE | |
| Language code of text/sound track or separate title | eng |
| 100 1# - MAIN ENTRY--PERSONAL NAME | |
| Personal name | Coburn, Mark |
| 245 00 - TITLE STATEMENT | |
| Title | Completion - not just a tick in the box |
| 260 ## - PUBLICATION, DISTRIBUTION, ETC. | |
| Date of publication, distribution, etc. | 2012 |
| 490 ## - SERIES STATEMENT | |
| Series statement | Project Control Professional |
| Volume/sequential designation | 50(3) May 2012, 8-9(2) |
| 520 ## - SUMMARY, ETC. | |
| Summary, etc. | Discusses completion, frequently a subject for disagreement in construction and engineering projects, and looks at how NEC and FIDIC forms of contract manage completion. |
| 590 ## - LOCAL NOTE (RLIN) | |
| Local note | KA |
| 651 #4 - SUBJECT ADDED ENTRY--GEOGRAPHIC NAME | |
| Geographic name | International |
| 690 ## - LOCAL SUBJECT ADDED ENTRY--TOPICAL TERM (OCLC, RLIN) | |
| Topical term or geographic name as entry element | Contracts |
| 9 (RLIN) | 6232 |
| 942 ## - ADDED ENTRY ELEMENTS (KOHA) | |
| Suppress in OPAC | 0 |
| Withdrawn status | Lost status | Source of classification or shelving scheme | Damaged status | Not for loan | Home library | Current library | Shelving location | Date acquired | Total Checkouts | Full call number | Barcode | Date last seen | Copy number | Price effective from | Koha item type |
|---|---|---|---|---|---|---|---|---|---|---|---|---|---|---|---|
| Dewey Decimal Classification | London | London | Journal article | 17/05/2012 | L156402 | 156402-1001 | 06/08/2019 | 1 | 06/08/2019 | Journal article |